[Event "Wch FIDE Online U12 Girls Asia qual"]
[Site "Tornelo INT"]
[Date "2020.12.12"]
[Round "3"]
[White "Dib, Danielle"]
[Black "Feng, Angela"]
[Result "0-1"]
[WhiteElo "1058"]
[BlackElo "1497"]
[PlyCount "88"]
[EventDate "2020.12.11"]
[EventType "swiss (rapid)"]
[EventRounds "7"]
[EventCountry "ISS"]
[SourceTitle "EXT 2022"]
[Source "ChessBase"]
[SourceDate "2021.10.06"]
[SourceVersion "1"]
[SourceVersionDate "2021.10.06"]
[SourceQuality "1"]

1. e4 e5 2. Bc4 Nf6 3. Nc3 Nxe4 4. Nxe4 d5 5. Bb3 dxe4 6. Qe2 Bf5 7. Qb5+ Bd7 8. Qxe5+ Qe7 9. Qxc7 Qb4 10. Qf4 Qe7 11. Ne2 Nc6 12. 0-0 Qf6 13. Qxe4+ Be7 14. d3 0-0 15. Ng3 Rfe8 16. Qe3 Qg6 17. Bd2 Bf6 18. Qf3 Bxb2 19. Rae1 Bg4 20. Qd5 Bf6 21. h3 Be6 22. Qb5 Bxb3 23. Qxb3 b6 24. Qd5 Nd4 25. c3 Ne6 26. f3 Rad8 27. Qb3 Qxd3 28. Qa4 Qxd2 29. Rxe6 fxe6 30. Nh5 Qxc3 31. Nxf6+ Qxf6 32. Qg4 Qd4+ 33. Kh2 Qxg4 34. hxg4 Rd2 35. Kg3 Rxa2 36. Rh1 b5 37. g5 b4 38. Kf4 b3 39. Ke5 b2 40. Kd4 Ra1 41. Rxa1 bxa1Q+ 42. Kc5 Qc3+ 43. Kb5 Rb8+ 44. Ka4 Qb4# 0-1

[Event "Wch FIDE Online U12 Girls Asia qual"]
[Site "Tornelo INT"]
[Date "2020.12.12"]
[Round "5"]
[White "Zakirova, Aisha"]
[Black "Dib, Danielle"]
[Result "1-0"]
[WhiteElo "1585"]
[BlackElo "1058"]
[PlyCount "119"]
[EventDate "2020.12.11"]
[EventType "swiss (rapid)"]
[EventRounds "7"]
[EventCountry "ISS"]
[SourceTitle "EXT 2022"]
[Source "ChessBase"]
[SourceDate "2021.10.06"]
[SourceVersion "1"]
[SourceVersionDate "2021.10.06"]
[SourceQuality "1"]

1. d4 d5 2. c4 e6 3. Nf3 Nf6 4. Nc3 Be7 5. cxd5 exd5 6. Bg5 h6 7. Bh4 Nc6 8. e3 a6 9. a3 Bf5 10. Qb3 b5 11. Bxf6 Bxf6 12. Qxd5 Qxd5 13. Nxd5 Bd8 14. Be2 0-0 15. 0-0 Be6 16. Nf4 Ne7 17. Rac1 Ng6 18. Nxe6 fxe6 19. Bd3 Ne7 20. Ne5 Nd5 21. Rc6 Re8 22. Bg6 Re7 23. Rxe6 Rxe6 24. Bf7+ Kh7 25. Bxe6 Ne7 26. Rc1 a5 27. Nf7 c6 28. e4 Bb6 29. d5 cxd5 30. exd5 g5 31. d6 Ng8 32. d7 Ne7 33. Rc8 Nxc8 34. dxc8Q Rxc8 35. Bxc8 Kg7 36. Nd6 b4 37. axb4 axb4 38. b3 Kf6 39. Kf1 Ke5 40. Nc4+ Kd5 41. Nxb6+ Kc5 42. Nc4 Kd4 43. g3 Kc3 44. Na5 Kd3 45. f4 gxf4 46. gxf4 Ke4 47. f5 Ke5 48. Nc6+ Kf6 49. Nxb4 h5 50. Nd5+ Ke5 51. f6 Kxd5 52. f7 Kd4 53. f8Q Ke4 54. b4 Kd5 55. b5 Kc4 56. b6 Kb5 57. b7 Kc6 58. b8Q Kd5 59. Qbd6+ Ke4 60. Qff4# 1-0